Návrh a tvorba WEB aplikácie pre riadenie verejného osvetlenia
Gespeichert in:
| 1. Verfasser: | |
|---|---|
| Weitere Verfasser: | |
| Format: | Manuskript Buch |
| Sprache: | Slowakisch |
| Veröffentlicht: |
2016
|
| Schlagworte: | |
| Online-Zugang: | http://is.stuba.sk/zp/portal_zp.pl?podrobnosti=119120 |
| Tags: |
Keine Tags, Fügen Sie das erste Tag hinzu!
|
MARC
| LEADER | 00000ntm a22000003a 4500 | ||
|---|---|---|---|
| 001 | stuzp56631 | ||
| 003 | SK-STU | ||
| 005 | 20160719155041.3 | ||
| 007 | ta | ||
| 008 | 150427s2015----xo-----f-mn---000-0-slo-d | ||
| 040 | |a STU |b slo | ||
| 041 | 0 | |a slo | |
| 100 | 1 | |a Kvačkaj, Michal |u 066000 |k Z4 |4 aut |U MTF Materiálovotechnologická fakulta |T MTF Ústav aplikovanej informatiky, automatizácie a mechatroniky |X 51360 |U M6000 |Y 86 |7 A000051360 | |
| 242 | 0 | 1 | |a Design and development of WEB applications for the management of public lighting |y eng |
| 245 | 1 | 0 | |a Návrh a tvorba WEB aplikácie pre riadenie verejného osvetlenia |
| 260 | |c 2016 | ||
| 650 | 4 | |a verejné osvetlenie |2 slo | |
| 650 | 4 | |a http rest api |2 slo | |
| 650 | 4 | |a web aplikácia RVO |2 slo | |
| 650 | 4 | |a public lighting |2 eng | |
| 650 | 4 | |a http rest api |2 eng | |
| 650 | 4 | |a web application RVO |2 eng | |
| 700 | 1 | |a Bezák, Tomáš |u 066000 |k Z1 |4 ths |U MTF Materiálovotechnologická fakulta |T MTF Ústav aplikovanej informatiky, automatizácie a mechatroniky |X 4614 |U M6000 |Y 86 |7 A000004614 | |
| 856 | 4 | |u http://is.stuba.sk/zp/portal_zp.pl?podrobnosti=119120 | |
| 996 | |c M* DP-12957 |l MMSKP |s P |a 0 |w stuzp56631_0001 | ||
| SQL | |a stuzp56631 |b DDP |c SLO |d Návrh a tvorba WEB aplikácie pre riadenie verejného osvetlenia |e 51360 |f Kvačkaj, Michal |g 066000 |h 4614 |i Bezák, Tomáš |j 20160602 |k 965 |l 06 |m http://is.stuba.sk/zp/portal_zp.pl?podrobnosti=119120 |n I-AIPP |o 5.2.14. automatizácia | ||